Top 50 NFL Current Players with no SB rings - Statistics

General Stats
  • This quiz has been taken 40 times
    32 since last reset
  • The average score is 17 of 50
Answer Stats
Answer % Correct
Josh Allen
81%
Joe Burrow
74%
Jonathan Allen
70%
Justin Herbert
63%
Davante Adams
59%
Derrick Henry
59%
Harrison Smith
59%
Justin Jefferson
59%
Tyron Smith
59%
Stefon Diggs
56%
DeAndre Hopkins
52%
Jonathan Taylor
52%
George Kittle
48%
Nick Chubb
48%
T.J. Watt
48%
Christian McCaffrey
44%
Trent Williams
44%
Joey Bosa
41%
Myles Garrett
41%
Nick Bosa
41%
Dak Prescott
37%
Khalil Mack
37%
Zack Martin
33%
Alvin Kamara
30%
Dalvin Cook
30%
Kyler Murray
30%
Mark Andrews
30%
Deshaun Watson
26%
Quenton Nelson
26%
Tre White
26%
Darren Waller
22%
Fred Warner
22%
Marshon Lattimore
22%
Derwin James
19%
Jaire Alexander
19%
Jessie Bates
19%
Justin Simmons
19%
Micah Parsons
19%
Darius Leonard
15%
Darius Slay
15%
Denzel Ward
15%
Terry McLaurin
15%
Xavien Howard
15%
Minkah Fitzpatrick
11%
Wyatt Teller
7%
AJ Terrell
4%
David Bakhtiari
4%
Ryan Ramczyk
4%
Graham Gano
0%
Younghoe Koo
0%
No matching quizzes found
Score Distribution
Percent of People with Each Score
Percentile by Number Answered
Your Score History
You have not taken this quiz since the last reset